Suikoden (Video Game series) Multiple Choice Quiz I - Statistics

General Stats
  • This quiz has been taken 130 times
  • The average score is 11 of 15
Answer Stats
Question Answer % Correct
Suiko II: Which of these Suikoden I characters did NOT make a cameo appearance? Kirkis
100%
Suiko V: Which of these are NOT part of the trinity of runes guarded by the Falenan Royal family? Night Rune
100%
Suiko II: Which of his own Highland military officers did Luca Blight have beheaded? Solon
100%
Suiko III: Which of these characters manages to have both an older and younger version of themselves appear as individual Stars of Destiny in the same game? Viki
100%
Suiko II: Which of these characters is the castle chef? Hai Yo
86%
Suiko ALL: Which of these facts about Suikoden's runes is false? The Soul Eater and the Rune of Punishment are the same True Rune.
86%
Suiko II/V: Which dessert food is the weakness of Georg Prime? Cheesecake
71%
Suiko III: Which mainstay of Budehuc Castle disappears for weeks on end in the castle's tunnels? Eike
71%
Suiko III: Who is the grandson of Maximillion? Fred
71%
Suiko I: Which of these facts about Milich Oppenheimer is false? He is a descendant of Suikoden IV's Schtolteheim Reinbach III.
71%
Suiko I: What is the last spell the hero learns from the Soul Eater rune? Judgement
71%
Suiko II/III: What is the relationship between Luc and Sassarai? They are Clones of the same person.
57%
Suiko IV: Nay-Kobolds are anthropomorphic versions of what domesticated animal? Cats
43%
Suiko V: What do Gavaya, Nakula and Zegai all have in common? They were all born in Armes.
43%
Suiko IV: Which of these islands is not featured in the game? Nirva Island
29%
No matching quizzes found
Score Distribution
Percent of People with Each Score
Percentile by Number Answered
Your Score History
You have not taken this quiz